| 000 | 00000cam 2200000za 4500 |
| 001 | 9.687610 |
| 003 | CaOODSP |
| 005 | 20260105075655 |
| 007 | cr ||||||||||| |
| 008 | 150407|2005||||xxc|||||o f|0| 0 eng d |
| 020 | |a0-662-40895-0 |
| 040 | |aCaOODSP|beng |
| 043 | |an-cn--- |
| 086 | 1 |aM39-121/2005E-PDF |
| 245 | 00|aRETScreen® software online user manual - combined heat & power project model |h[electronic resource] |
| 260 | |aQuébec - Quebec : |bNatural Resources Canada. |c2005. |
| 300 | |a280p.|bfigs., graphs, tables, index |
| 504 | |aBibliography. |
| 590 | |a05-44|b2005-11-04 |
| 710 | 1 |aCanada. |bEnergy Technology Branch. |
| 775 | 08|tLogiciel RETScreen®, manuel de l'utilisateur en ligne - modèle pour projets de cogénération / |w(CaOODSP)9.632053 |
| 856 | 40|ahttp://publications.gc.ca|qPDF|s4594 KB|uhttps://publications.gc.ca/collections/Collection/M39-121-2005E.pdf |